000 00355nam a2200133Ia 4500
005 20260326235454.0
008 260326s9999||||xx |||||||||||||| ||und||
100 _aBanham, Reyner
245 0 _aMegaStructure :
_b Urban futures of the recent past /
_cReyner Banham
260 _bThames & Hudson
300 _a224 p.
650 _aDISEÑO URBANO
942 _cBK
999 _c7886
_d7886